Statistics for Biggest Cities in a Square #1

Click here to take the quiz!

General Stats

  • This quiz has been taken 47 times
  • The average score is 14 of 20

Answers on the Map

Answers color-coded by a green-red scale on the quiz's map according to % correct below.
 

Answer Stats

PopulationCity% Correct
3,000,000Caracas
100%
12,294,193Mexico City
100%
7,674,366Bogotá
98%
2,163,824Havana
98%
1,234,742Port-au-Prince
98%
1,399,814Quito
98%
7,737,002Lima
93%
2,201,941Santo Domingo
93%
1,640,589Guadalajara
91%
1,999,979Medellín
91%
2,392,877Cali
79%
1,598,210Manaus
79%
1,952,029Guayaquil
72%
2,225,000Maracaibo
58%
1,380,425Barranquilla
53%
1,590,256Puebla
49%
1,806,226Ecatepec de Morelos
26%
1,385,083Valencia
26%
1,754,256Maracay
14%
1,820,888Iztapalapa
0%

Score Distribution

Percentile by Number Answered

Percent of People with Each Score

Your Score History

You have not taken this quiz